CHILD DEVELOPMENT FROM INFANCY TO ADOLESCENCE (Record no. 216336)
[ view plain ]
| 000 -LEADER | |
|---|---|
| fixed length control field | 00433nam a22001697a 4500 |
| 008 - FIXED-LENGTH DATA ELEMENTS--GENERAL INFORMATION | |
| fixed length control field | 251205b |||||||| |||| 00| 0 eng d |
| 020 ## - INTERNATIONAL STANDARD BOOK NUMBER | |
| International Standard Book Number | 978-1-5063-9893-8 |
| 050 ## - LIBRARY OF CONGRESS CALL NUMBER | |
| Classification number | BF 721.L48 2020 |
| 100 ## - MAIN ENTRY--PERSONAL NAME | |
| Personal name | LEVINE LAURA E |
| 245 ## - TITLE STATEMENT | |
| Title | CHILD DEVELOPMENT FROM INFANCY TO ADOLESCENCE |
| 250 ## - EDITION STATEMENT | |
| Edition statement | 2nd |
| 260 ## - PUBLICATION, DISTRIBUTION, ETC. | |
| Place of publication, distribution, etc. | LOS ANGELES |
| Name of publisher, distributor, etc. | SAGE |
| Date of publication, distribution, etc. | 2020 |
| 300 ## - PHYSICAL DESCRIPTION | |
| Extent | X,583 |
| 700 ## - ADDED ENTRY--PERSONAL NAME | |
| Personal name | MUNSCH JOYCE |
| 942 ## - ADDED ENTRY ELEMENTS (KOHA) | |
| Source of classification or shelving scheme | Library of Congress Classification |
| Koha item type | Long Loan Book |
| Withdrawn status | Lost status | Source of classification or shelving scheme | Damaged status | Not for loan | Collection | Home library | Current library | Shelving location | Date acquired | Inventory number | Total checkouts | Full call number | Barcode | Date last seen | Copy number | Price effective from | Koha item type |
|---|---|---|---|---|---|---|---|---|---|---|---|---|---|---|---|---|---|
| Library of Congress Classification | Arts & Social Sciences | Kisii University Library | Kisii University Library | On Display | 12/05/2025 | 110356 | BF 721.L48 2020 | 000000023044 | 12/05/2025 | C.1 | 12/05/2025 | Long Loan Book | |||||
| Library of Congress Classification | Arts & Social Sciences | Kisii University Library | Kisii University Library | On Display | 12/05/2025 | 110359 | BF 721.L48 2020 | 000000023249 | 12/05/2025 | C.4 | 12/05/2025 | Long Loan Book | |||||
| Library of Congress Classification | Arts & Social Sciences | Kisii University Library | Kisii University Library | On Display | 12/05/2025 | 110358 | BF 721.L48 2020 | 000000023045 | 12/05/2025 | C.3 | 12/05/2025 | Long Loan Book | |||||
| Library of Congress Classification | Arts & Social Sciences | Kisii University Library | Kisii University Library | On Display | 12/05/2025 | 110357 | BF 721.L48 2020 | 000000020270 | 12/05/2025 | C.2 | 12/05/2025 | Long Loan Book |